<?xml version="1.0" encoding="UTF-8"?>
<record
    xmlns:xsi="http://www.w3.org/2001/XMLSchema-instance"
    xsi:schemaLocation="http://www.loc.gov/MARC21/slim http://www.loc.gov/standards/marcxml/schema/MARC21slim.xsd"
    xmlns="http://www.loc.gov/MARC21/slim">

  <leader>02009agaaa2200313   4500</leader>
  <controlfield tag="001">6147</controlfield>
  <controlfield tag="003">IT-RoPAU</controlfield>
  <controlfield tag="005">20220918181228.0</controlfield>
  <controlfield tag="007">d cvaizq</controlfield>
  <controlfield tag="008">50131s9999||||xx ||| |     ||   ||und||</controlfield>
  <datafield tag="040" ind1=" " ind2=" ">
    <subfield code="a">IT-RoPAU</subfield>
    <subfield code="c">IT-RoPAU</subfield>
  </datafield>
  <datafield tag="041" ind1=" " ind2=" ">
    <subfield code="a">ITALIANO</subfield>
  </datafield>
  <datafield tag="100" ind1=" " ind2=" ">
    <subfield code="a">Weir Peter</subfield>
    <subfield code="g">Codice regista SPICS: 31122</subfield>
    <subfield code="9">39438</subfield>
  </datafield>
  <datafield tag="130" ind1=" " ind2=" ">
    <subfield code="a">TRUMAN SHOW (THE)</subfield>
    <subfield code="9">39439</subfield>
  </datafield>
  <datafield tag="245" ind1=" " ind2=" ">
    <subfield code="a">TRUMAN SHOW (THE)</subfield>
    <subfield code="c">Prodotto da: Rudin S. Niccol A. -- Sceneggiatura: Niccol Andrew -- Diretto da: Weir Peter</subfield>
    <subfield code="p">TRUMAN SHOW (THE) (Rif. Codice opera principale : H6147)</subfield>
  </datafield>
  <datafield tag="250" ind1=" " ind2=" ">
    <subfield code="a">Edizione Standard</subfield>
  </datafield>
  <datafield tag="260" ind1=" " ind2=" ">
    <subfield code="a">(USA)</subfield>
    <subfield code="b">PARAMOUNT / Distribuzione: CIAK</subfield>
    <subfield code="g">"1998 (1&#xB0; ed.: 2005 ; Ed. Lingua Orig.: 1998)"</subfield>
  </datafield>
  <datafield tag="300" ind1=" " ind2=" ">
    <subfield code="a">DVD</subfield>
    <subfield code="b">sonoro, col.</subfield>
    <subfield code="c">99 minuti</subfield>
  </datafield>
  <datafield tag="508" ind1=" " ind2=" ">
    <subfield code="a">"Fotografia: Biziou Peter; Montaggio: Anderson William; Musica: Dallwitz Burkhard; Sceneggiatura: Niccol Andrew; Scenografia: Gassner Dennis; "</subfield>
  </datafield>
  <datafield tag="511" ind1=" " ind2=" ">
    <subfield code="a">"Carrey Jim; Linney Laura; Harris Ed; Emmerich Noah; Mcelhone Natasha; Taylor Holland"</subfield>
  </datafield>
  <datafield tag="520" ind1=" " ind2=" ">
    <subfield code="a">"E' LA STAR DELLO SHOW, MA LUI NON LO SA. TRUMAN BURBANK E' UN UOMO LA CUI VITA E' UN INTERROTTO SHOW IN TV. TRUMAN NON IMMAGINA CHE LA TRANQUILLA CITTADINA IN CUI VIVE E' UN GIGANTESCO PALCOSCENICO CONTROLLATO DA UN VISIONARIO PRODUTTORE/REGISTA/CREATORE, CHE LE PERSONE CHE VI VIVONO E LAVORANO SONO ATTORI DI HOLLYWOOD E CHE PERSINO LA SUA EFFERVESCENTE MOGLIETTINA E' UN'ARTISTA SOTTO CONTRATTO. GRADUALMENTE, TRUMAN SE NE RENDERA' CONTO E CHRISTOF, IL REGISTA DI QUESTO PERFIDO GIOCO, DEVE ARRENDERSI ALLA SUA VOGLIA DI RIBELLARSI. CONTENUTI EXTRA: PRIMA PRESENTAZIONE; PRESENTAZIONE CINEMATOGRAFICA."</subfield>
  </datafield>
  <datafield tag="538" ind1=" " ind2=" ">
    <subfield code="a">PAL, STEREO</subfield>
  </datafield>
  <datafield tag="546" ind1=" " ind2=" ">
    <subfield code="a">ITALIANO</subfield>
  </datafield>
  <datafield tag="650" ind1=" " ind2=" ">
    <subfield code="a">DRAMMA - METAFORA</subfield>
    <subfield code="e">DVD-FILM [DVD]</subfield>
    <subfield code="x">Codice MATERIA SPICS: 9947</subfield>
    <subfield code="9">36650</subfield>
  </datafield>
  <datafield tag="700" ind1=" " ind2=" ">
    <subfield code="a">Dallwitz Burkhard</subfield>
    <subfield code="e">(musica)</subfield>
    <subfield code="g">Codice Musica SPICS: 58432</subfield>
    <subfield code="9">39440</subfield>
  </datafield>
  <datafield tag="700" ind1=" " ind2=" ">
    <subfield code="a">Niccol Andrew </subfield>
    <subfield code="e">(soggetto)</subfield>
    <subfield code="g">Codice Soggetto SPICS: 58360</subfield>
    <subfield code="9">39441</subfield>
  </datafield>
  <datafield tag="700" ind1=" " ind2=" ">
    <subfield code="a">Weir Peter </subfield>
    <subfield code="e">(regista)</subfield>
    <subfield code="g">Codice regista SPICS: 31122</subfield>
    <subfield code="9">39442</subfield>
  </datafield>
  <datafield tag="942" ind1=" " ind2=" ">
    <subfield code="c">DV</subfield>
    <subfield code="2">ddc</subfield>
  </datafield>
  <datafield tag="999" ind1=" " ind2=" ">
    <subfield code="c">105095</subfield>
    <subfield code="d">105095</subfield>
  </datafield>
  <datafield tag="952" ind1=" " ind2=" ">
    <subfield code="0">0</subfield>
    <subfield code="1">0</subfield>
    <subfield code="4">0</subfield>
    <subfield code="6">H_6147_000000000000000</subfield>
    <subfield code="7">1</subfield>
    <subfield code="a">SPICS</subfield>
    <subfield code="b">SPICS</subfield>
    <subfield code="d">2015-01-31</subfield>
    <subfield code="l">0</subfield>
    <subfield code="o">H6147</subfield>
    <subfield code="r">2015-01-31 00:00:00</subfield>
    <subfield code="w">2015-01-31</subfield>
    <subfield code="y">DV</subfield>
    <subfield code="z">Progr. Ins.: 3376 / N.Vol.:1 / Copie: 1 / Pag.:0 / Copia rara: n.d. / date import: 1.2.2015 / By Epidotti, Trombetti, Vaglietti</subfield>
  </datafield>
</record>
